La géographie : Objet, méthodes, débats (notice n° 2198503)

détails MARC
000 -LEADER
fixed length control field 01700cam a2200133 4500500
005 - DATE AND TIME OF LATEST TRANSACTION
control field 20260405085545.0
041 ## - LANGUAGE CODE
Language code of text/sound track or separate title fre
042 ## - AUTHENTICATION CODE
Authentication code dc
100 10 - MAIN ENTRY--PERSONAL NAME
Personal name Bavoux, Jean-Jacques
Relator term author
245 00 - TITLE STATEMENT
Title La géographie : Objet, méthodes, débats
260 ## - PUBLICATION, DISTRIBUTION, ETC.
Name of publisher, distributor, etc. Armand Colin,<br/>
Date of publication, distribution, etc. 2016.<br/>
520 ## - SUMMARY, ETC.
Summary, etc. On n’a jamais autant parlé de géographie. Mais, si elle a beaucoup à dire sur la mondialisation, l’aménagement des territoires, les changements climatiques, l’emprise du cyberespace, l’explosion de la mobilité ou les tensions internationales, elle reste cependant une science méconnue. Cet ouvrage vient combler ce manque. En montrant la richesse des approches géographiques et le dynamisme de leurs tendances les plus actuelles, cette nouvelle édition entièrement remaniée et enrichie présente l’ensemble des méthodes, bouleversées par les évolutions de la cartographie (géomatique, SIG, télédétection), l’essor de l’informatique (e-géographie, webmapping, globes virtuels) et la prise en compte nouvelle des représentations et comportements spatiaux. Elle s’interroge sur les objectifs de la géographie et son utilité dans la société, étudiant en profondeur la manière dont elle est enseignée et ses rapports avec la politique, l’écologie, l’économie ou la culture. Un manuel à l’attention de tous les étudiants en géographie, des enseignants qui s’interrogent sur les métamorphoses de leur discipline, et de tous ceux qui, dans leur vie professionnelle, ou leur vie tout court, ont rapport avec les dimensions spatiales et territoriales.
856 41 - ELECTRONIC LOCATION AND ACCESS
Uniform Resource Identifier <a href="https://shs.cairn.info/la-geographie--9782200611828?lang=fr&redirect-ssocas=7080">https://shs.cairn.info/la-geographie--9782200611828?lang=fr&redirect-ssocas=7080</a>

Pas d'exemplaire disponible.

PLUDOC

PLUDOC est la plateforme unique et centralisée de gestion des bibliothèques physiques et numériques de Guinée administré par le CEDUST. Elle est la plus grande base de données de ressources documentaires pour les Étudiants, Enseignants chercheurs et Chercheurs de Guinée.

Adresse

627 919 101/664 919 101

25 boulevard du commerce
Kaloum, Conakry, Guinée

Réseaux sociaux

Powered by Netsen Group @ 2025